| 000 | 01186nam a22003137a 4500 | ||
|---|---|---|---|
| 003 | CHAP | ||
| 005 | 20220329135629.0 | ||
| 008 | 971013s1963 r 00010 d | ||
| 010 | _a39631 | ||
| 011 | _a40603 | ||
| 035 | _a44729 | ||
| 040 | _cCHAP | ||
| 082 |
_a338.17382 _bM6 |
||
| 100 | 0 | 0 |
_aMontoya Hernández, Felipe. _977990 |
| 245 | _aEstudio preliminar de cultivos asociados en las zonas vainilleras de Veracruz y Puebla, cacaotera de Chiapas y Tabasco para su rehabilitación económica | ||
| 260 |
_aMéxico : _bSAG. Subsecretaría de Agricultura, _c1963 |
||
| 300 | _a48 h. y anexos | ||
| 590 |
_aBATCH-UPD _b10 _c20130110 _lUCH01 _h0221 |
||
| 590 |
_aBATCH-UPD _b10 _c20130110 _lUCH01 _h2304 |
||
| 590 |
_aBATCH-UPD _b10 _c20130409 _lUCH01 _h2242 |
||
| 590 |
_aBATCH-UPD _b10 _c20130410 _lUCH01 _h1556 |
||
| 590 |
_aBATCH-UPD _b10 _c20130914 _lUCH01 _h2045 |
||
| 590 |
_aCONVERSION _b10 _c20130109 _lUCH01 _h1322 |
||
| 650 | 1 | 4 |
_aVainilla _xAspectos económicos _xMéxico. _9117194 |
| 901 | _aBK | ||
| 942 | _cLIBRO | ||
| 949 |
_a338.17382 M6 _bBC _cLIBRO _d33724000117503 _eLIBRO _fc.2 _h26310 _i44729 _si |
||
| 949 |
_a338.17382 M6 _bBC _cLIBRO _d33724000117743 _eLIBRO _fc.3 _h5786 _i44729 _si |
||
| 999 |
_c39631 _d39631 |
||